000 00496nam a2200157 a 4500
001 13416
005 20180713201807.0
008 140415s1995 000 0 spa d
041 _aspa
082 _a657.45
_bLAZ
100 1 _aLAZCANO SERES, JUAN MANUEL
245 1 3 _aEL MANEJO DE LAS ORGANIZACIONES Y SU AUDITORIA INTERNA :
_bRENUEVE SU COMPROMISO DE ALTA GESTION EMPRESARIAL
260 _a[s.l.] :
_bNCGRAW HILL,
_c1995
300 _a201
650 1 4 _aAUDITORIA
_xORGANIZACION
999 _c13416
_d13416